Online
Catalog

Viaje al centro de la tierra / (Record no. 46087)

MARC details
000 -CABECERA
campo de control de longitud fija 00902nam a2200265 u 4500
001 - NÚMERO DE CONTROL
campo de control 000046598
003 - IDENTIFICADOR DEL NÚMERO DE CONTROL
campo de control DO-SdBNP
005 - FECHA Y HORA DE LA ÚLTIMA TRANSACCIÓN
campo de control 20240226141827.0
008 - DATOS DE LONGITUD FIJA--INFORMACIÓN GENERAL
campo de control de longitud fija 170124s1986 sp a r 000 0 spa d
020 ## - NÚMERO INTERNACIONAL ESTÁNDAR DEL LIBRO
Número Internacional Estándar del Libro 8476348207
040 ## - FUENTE DE LA CATALOGACIÓN
Centro catalogador/agencia de origen DO-SdBNP
Lengua de catalogación spa
Centro/agencia transcriptor BNPHU
082 ## - NÚMERO DE LA CLASIFICACIÓN DECIMAL DEWEY
Número de clasificación 843.8
Número de documento/Ítem V531v
100 1# - ENTRADA PRINCIPAL--NOMBRE DE PERSONA
Nombre de persona Verne, Julio,
Fechas asociadas al nombre 1828-1905
9 (RLIN) 1073
240 10 - TÍTULO UNIFORME
Título uniforme Voyage au centre de la terre.
Lenguaje de la obra Español
245 10 - MENCIÓN DE TÍTULO
Título Viaje al centro de la tierra /
Mención de responsabilidad, etc. Julio Verne ; traducción A. Ribot y Fontseré.
260 ## - PUBLICACIÓN, DISTRIBUCIÓN, ETC.
Lugar de publicación, distribución, etc. Barcelona :
Nombre del editor, distribuidor, etc. Ediciones Orbis,
Fecha de publicación, distribución, etc. 1986.
300 ## - DESCRIPCIÓN FÍSICA
Extensión 256 p. :
Otras características físicas il. ;
Dimensiones 20 cm.
490 1# - MENCIÓN DE SERIE
Designación de volumen o secuencia 11
500 ## - NOTA GENERAL
Nota general Traducción de: Voyage au centre de la terre. Grabados de la edición original de Hetzel
650 #4 - PUNTO DE ACCESO ADICIONAL DE MATERIA--TÉRMINO DE MATERIA
Término de materia o nombre geográfico como elemento de entrada Novela juvenil francesa
9 (RLIN) 74576
650 #4 - PUNTO DE ACCESO ADICIONAL DE MATERIA--TÉRMINO DE MATERIA
Término de materia o nombre geográfico como elemento de entrada Literatura juvenil francesa
9 (RLIN) 74577
700 12 - PUNTO DE ACCESO ADICIONAL--NOMBRE DE PERSONA
Nombre de persona Ribot y Fontseré, Antonio
9 (RLIN) 74578
830 #0 - PUNTO DE ACCESO ADICIONAL DE SERIE-TÍTULO UNIFORME
Título uniforme Julio Verne
Designación de volumen o secuencia 11
9 (RLIN) 74579
942 ## - ELEMENTOS DE PUNTO DE ACCESO ADICIONAL (KOHA)
Fuente del sistema de clasificación o colocación Dewey Decimal Classification
Tipo de ítem Koha Libro

No items available.

Powered by Koha